Sbornik zadač po ekonomičeskoj teoriji mikroekonomika i makroekonomika

Salvato in:
Dettagli Bibliografici
Autore principale: Čepurin, M.N
Ente Autore: Moskovskij gosudarstvennyj institut meždunarodnych otnošenij (Universitet)
Natura: Libro
Lingua:russo
Pubblicazione: Moskva Izdateľstvo MGIMO-Universitet 2014
Edizione:5. izd., dopol. i pererab.
Soggetti:
Tags: Aggiungi Tag
Nessun Tag, puoi essere il primo ad aggiungerne!!

MARC

LEADER 00000nam a2200000 4500
001 0194268
005 20240318120320.9
020 |a 978-5-85271-290-5 
041 0 |a rus 
044 |a RU 
245 1 0 |a Sbornik zadač po ekonomičeskoj teoriji  |b mikroekonomika i makroekonomika  |c M.N. Čepurin... [et al.] 
250 |a 5. izd., dopol. i pererab. 
264 1 |a Moskva  |b Izdateľstvo MGIMO-Universitet  |c 2014 
300 |a 245 s. 
610 2 0 |a teórie ekonomické 
610 2 0 |a mikroekonomika 
610 2 0 |a makroekonomika 
610 2 0 |a spoločnosť 
610 2 0 |a zákonitosti ekonomické 
610 2 0 |a systémy ekonomické 
610 2 0 |a mechanizmus trhový 
610 2 0 |a konkurencia 
610 2 0 |a firmy 
610 2 0 |a obchod 
610 2 0 |a teória výroby 
610 2 0 |a trh práce 
610 2 0 |a trh kapitálový 
610 2 0 |a zdroje prírodné 
610 2 0 |a podnikanie 
610 2 0 |a zisk 
610 2 0 |a ukazovatele makroekonomické 
610 2 0 |a politika daňová 
610 2 0 |a rozpočty 
610 2 0 |a inflácia 
610 2 0 |a politika sociálna 
610 2 0 |a rast hospodársky 
610 2 0 |a protekcionizmus 
610 2 0 |a bilancia platobná 
610 2 0 |a kurz výmenný 
100 1 |a Čepurin, M.N. 
710 2 |a Moskovskij gosudarstvennyj institut meždunarodnych otnošenij (Universitet)